Comportamiento humano : nuevos métodos de investigación
| Autor principal: | |
|---|---|
| Format: | Llibre |
| Idioma: | espanyol |
| Publicat: |
México, D.F. :
Trillas,
1989
|
| Matèries: |
MARC
| LEADER | 00000nam a2200000Ia 4500 | ||
|---|---|---|---|
| 008 | 160901b1989 mx ||||| |||| 00| | spa d | ||
| 020 | |a 9682430232 | ||
| 090 | |a 05.03.02 |b 556 | ||
| 100 | 1 | |a Martínez M., Miguel |9 1981 | |
| 245 | 1 | 0 | |a Comportamiento humano : nuevos métodos de investigación |
| 260 | |a México, D.F. : |b Trillas, |c 1989 | ||
| 300 | |a 279 páginas | ||
| 650 | 1 | 4 | |a COMPORTAMIENTO |9 298 |
| 650 | 1 | 4 | |a PSICOLOGÍA |9 657 |
| 650 | 1 | 4 | |a CIENCIAS SOCIALES |9 276 |
| 650 | 1 | 4 | |a INVESTIGACIÓN |9 163 |
| 942 | |i 00129 ,00861 |h 05.03.02 556 |2 z |c 01 | ||
| 999 | |c 394 |d 394 | ||
